[Event "50th World Juniors"]
[Site "Chennai IND"]
[Date "2011.08.05"]
[Round "4.30"]
[White "Narayanan,SL"]
[Black "Vaibhav,S"]
[Result "1/2-1/2"]
[WhiteElo "2233"]
[BlackElo "2430"]

1.d4 Nf6 2.Nf3 d5 3.c4 e6 4.Nc3 Be7 5.Bf4 O-O 6.e3 Nbd7 7.Qc2 c5 8.cxd5 cxd4
9.exd4 Nxd5 10.Nxd5 exd5 11.a3 Re8 12.Be2 Qa5+ 13.Bd2 Qb6 14.O-O Nf6 15.a4 Ne4
16.Be3 Bf5 17.Bd3 Rac8 18.Qe2 Qb3 19.Bb1 Qb4 20.Ne5 Bf6 21.Nd3 Qb6 22.Nc5 Nd6
23.Bxf5 Nxf5 24.Qd3 Nxe3 25.fxe3 Bg5 26.Rf3 Qg6 27.Qxg6 hxg6 28.Re1 b6 29.Nd3 Rc2
30.Nb4 Rc4 31.Nxd5 Rxd4 32.Nc3 Rd2 33.Re2 Rxe2 34.Nxe2 Bxe3+ 35.Kf1 f6 36.Nc3 Bd4
37.Rd3 Be5 38.Rd7 a5 39.h3 Rc8 40.Nd1 Rc4 41.b3 Rc2 42.Rd3 Rc6 43.Ne3 Bd6
44.Ke2 Bc5 45.Kf3 Kf7 46.Rd7+ Kg8 47.Nc4 Re6 48.Rd8+ Kf7 49.Rd7+ Kg8 50.Rd8+ Kh7
51.Rd1 Kh6 52.Rd8 g5 53.Rd1 Kg6 54.g3 Re8 55.Rd5 Re1 56.Nxa5 Re3+ 57.Kg2 Re2+
58.Kh1 Bf2 59.Nc4 Bxg3 60.Rd2 Rxd2 61.Nxd2 f5 62.Nc4 Bc7 63.b4 Kh5 64.a5 bxa5
65.bxa5 Kh4 66.a6 Bb8 67.Ne5 Ba7 68.Kg2 f4 69.Nc6 Bb6 70.a7 Bxa7 71.Nxa7 f3+
72.Kxf3 Kxh3 73.Kf2 Kh2 74.Kf3  1/2-1/2

[Event "Politiken Cup"]
[Site "Helsingor DEN"]
[Date "2011.08.05"]
[Round "8.52"]
[White "Rauramaa,K"]
[Black "Jensen,SorenH"]
[Result "1/2-1/2"]
[WhiteElo "2217"]
[BlackElo "1984"]

1.d4 d5 2.c4 e6 3.Nf3 Nf6 4.Nc3 Be7 5.Bf4 O-O 6.e3 c5 7.dxc5 Bxc5 8.a3 Nc6
9.Qc2 Qa5 10.Rd1 Be7 11.h3 a6 12.Ne5 Nxe5 13.Bxe5 dxc4 14.Bxf6 Bxf6 15.Bxc4 Bxc3+
16.Qxc3 Qxc3+ 17.bxc3 b5 18.Be2 Bb7 19.O-O Rfc8 20.Rd7 Bc6 21.Rd4 Bd5 22.Rc1 Kf8
23.a4 Rab8 24.Rb4 Bc4 25.Bxc4 Rxc4 26.axb5 Rxb4 27.cxb4 Rxb5 28.Rc8+ Ke7
29.Rc7+ Kf6 30.Ra7 Rxb4 31.Rxa6 h5 32.g3  1/2-1/2

[Event "29th World Junior Girls"]
[Site "Chennai IND"]
[Date "2011.08.06"]
[Round "5.4"]
[White "Kazimova,N"]
[Black "Nandhidhaa,P"]
[Result "1-0"]
[WhiteElo "2292"]
[BlackElo "2101"]

1.d4 d5 2.c4 e6 3.Nc3 Nf6 4.Nf3 Be7 5.Bf4 O-O 6.e3 b6 7.cxd5 Nxd5 8.Nxd5 exd5
9.Bd3 c5 10.O-O Ba6 11.Ne5 Bxd3 12.Qxd3 c4 13.Qc2 Bd6 14.Qf5 Qc8 15.Qh5 Bxe5
16.Bxe5 Nc6 17.f4 Qe8 18.Bxg7 Qxe3+ 19.Kh1 Rfe8 20.Bf6 Re6 21.Qg5+ Kf8 22.Qg7+ Ke8
23.Qg8+ Kd7 24.Qxf7+ Kc8 25.f5 Re4 26.Qxd5 Kc7 27.Qf7+ Kb8 28.Qxc4 Kb7 29.Qf7+ Ka6
30.a4 Qe2 31.Qd5 Rc8 32.h3 Nb4 33.Qb5+ Kb7 34.Qxb4 Rg8 35.Rg1 Re3 36.Qe1 Qd3
37.Ra3 Rxe1 38.Rxd3 Rxg1+ 39.Kxg1 Rf8 40.Be7 Rh8  1-0

[Event "50th World Juniors"]
[Site "Chennai IND"]
[Date "2011.08.06"]
[Round "5.43"]
[White "Ashwath,R"]
[Black "Visakh,NR"]
[Result "1-0"]
[WhiteElo "2259"]
[BlackElo "2042"]

1.d4 Nf6 2.c4 e6 3.Nf3 d5 4.Nc3 Be7 5.Bf4 O-O 6.e3 c5 7.dxc5 Bxc5 8.Qc2 dxc4
9.Bxc4 Nc6 10.Rd1 Qe7 11.O-O a6 12.Na4 b5 13.Bxb5 axb5 14.Nxc5 e5 15.Bg5 Bg4
16.Bxf6 Qxf6 17.Ne4 Qg6 18.Rd6 f6 19.Nh4 Qh6 20.Qxc6 Qxh4 21.Qxb5 Kh8 22.Ng3 Qg5
23.h3 Bh5 24.Kh2 Be8 25.Qb7 Bg6 26.Rd7 Rab8 27.Qc7 Rfc8 28.Qd6 h5 29.f4 exf4
30.exf4 Qb5 31.f5 Bh7 32.Rxg7 h4 33.Nh5 Qe5+ 34.Qxe5 fxe5 35.Rg4  1-0

[Event "29th World Junior Girls"]
[Site "Chennai IND"]
[Date "2011.08.07"]
[Round "6.2"]
[White "Kazimova,N"]
[Black "Bulmaga,I"]
[Result "1/2-1/2"]
[WhiteElo "2292"]
[BlackElo "2293"]

1.Nf3 Nf6 2.c4 e6 3.Nc3 d5 4.d4 Be7 5.Bf4 O-O 6.e3 Nbd7 7.c5 c6 8.Bd3 b6
9.b4 a5 10.a3 Ba6 11.O-O Bxd3 12.Qxd3 Qc8 13.h3 Qb7 14.Rfb1 axb4 15.axb4 b5
16.Nd2 Rxa1 17.Rxa1 Ra8 18.Qb1 Bd8 19.Rxa8 Qxa8 20.Qa2 Qxa2 21.Nxa2 Ne8 22.Nb3 Bc7
23.Bxc7 Nxc7 24.Na5 Nb8 25.Nc1 f6 26.Nd3 Kf7 27.f3 Nca6 28.e4 Ke7 29.Kf2 Kf7
30.Ke3 Ke7 31.g4 Nc7 32.h4 h6 33.e5 f5 34.gxf5 exf5 35.h5 Ne6 36.Nb7 Na6
37.f4 Nf8 38.Nd6 Ke6 39.Ne8 Kf7 40.Nd6+ Ke6 41.Ne8 Kf7 42.Nd6+  1/2-1/2

[Event "Tabor Open"]
[Site "Tabor CZE"]
[Date "2011.08.07"]
[Round "9.8"]
[White "Ivanov,MM"]
[Black "Lacina,A"]
[Result "1-0"]
[WhiteElo "2410"]
[BlackElo "2227"]

1.Nf3 Nf6 2.c4 e6 3.Nc3 d5 4.d4 Be7 5.Bf4 c6 6.e3 Nbd7 7.h3 O-O 8.Qc2 b6
9.cxd5 exd5 10.Bd3 Bb7 11.g4 Bb4 12.Ng5 g6 13.h4 c5 14.h5 Ne4 15.Bxe4 dxe4
16.hxg6 hxg6 17.O-O-O Bxc3 18.Qxc3 Qf6 19.Nh7  1-0

[Event "Olomouc FIDE Open"]
[Site "Olomouc CZE"]
[Date "2011.08.08"]
[Round "6.7"]
[White "Oganian,M"]
[Black "Jasny,S"]
[Result "0-1"]
[WhiteElo "2204"]
[BlackElo "2366"]

1.d4 Nf6 2.c4 e6 3.Nf3 d5 4.Nc3 Be7 5.Bf4 O-O 6.e3 c5 7.dxc5 Qa5 8.a3 dxc4
9.Bxc4 Qxc5 10.Qe2 a6 11.O-O b5 12.Bd3 Bb7 13.Rac1 Qb6 14.Rfd1 Nbd7 15.e4 Rfc8
16.Bb1 b4 17.axb4 Qxb4 18.Bg5 h6 19.Rd4 Qc5 20.Na2 Qb5 21.Rxc8+ Bxc8 22.Qxb5 axb5
23.Bh4 Bc5 24.Bxf6 gxf6 25.Rd1 b4 26.Nc1 Kg7 27.Nb3 Bb6 28.Nfd4 Ne5 29.Nc2 Bd7
30.Rd6 Ba4 31.Rxb6 Bxb3 32.f4 Ng4 33.Rd6 Bxc2 34.Bxc2 Ra2 35.Bd1 Ne3 36.Bh5 Rxb2
37.Rd7 Rxg2+ 38.Kh1 Rf2 39.Rxf7+ Kg8 40.h3 b3 41.Re7 Rg2 42.Re8+ Kg7 43.Re7+ Kh8
44.Re8+ Rg8 45.Rxe6 Rb8 46.Be2 b2 47.Bd3 Rb3 48.Bb1 Rc3 49.Kh2 Rc1 50.Bd3 Rd1
51.Rb6 Rxd3 52.Rxb2 Rd2+ 53.Rxd2 Nf1+ 54.Kg2 Nxd2 55.e5 fxe5 56.fxe5 Nc4
57.e6 Kg7 58.Kg3 Nd6 59.Kf4 Kf6 60.Kg4 Kxe6 61.Kh5 Nf5 62.Kg6 Ke5 63.Kh5 Kf6
64.h4 Kg7 65.Kg4 Kg6 66.h5+ Kf6 67.Kf4 Ng7  0-1

[Event "Stilwerk Masters"]
[Site "Vienna AUT"]
[Date "2011.08.09"]
[Round "7"]
[White "Jorczik,J"]
[Black "Menezes,Chr"]
[Result "1/2-1/2"]
[WhiteElo "2383"]
[BlackElo "2200"]

1.d4 Nf6 2.c4 e6 3.Nf3 d5 4.Nc3 Be7 5.Bf4 O-O 6.e3 Nbd7 7.c5 c6 8.h3 b6 9.b4 a5
10.a3 Ba6 11.Bxa6 Rxa6 12.O-O Qc8 13.Qc2 Qb7 14.Rfb1 axb4 15.axb4 Rfa8 16.Qc1 Rxa1
17.Rxa1 Rxa1 18.Qxa1 bxc5 19.bxc5 Bd8 20.Qa4 h6  1/2-1/2

[Event "FSGM August"]
[Site "Budapest HUN"]
[Date "2011.08.10"]
[Round "5"]
[White "Baghdasaryan,V"]
[Black "Kovacs,Ga2"]
[Result "0-1"]
[WhiteElo "2289"]
[BlackElo "2496"]

1.d4 Nf6 2.c4 e6 3.Nf3 d5 4.Nc3 Be7 5.Bf4 O-O 6.e3 c5 7.dxc5 Bxc5 8.a3 Nc6
9.Qc2 Qa5 10.O-O-O Be7 11.h4 a6 12.Ng5 Rd8 13.Bd3 h6 14.Bh7+ Kf8 15.Nxf7 Kxf7
16.Qg6+ Kf8 17.Rh3 Bxa3 18.e4 Ne7 19.Qg3 dxc4 20.Bc7 Rxd1+ 21.Nxd1 Bxb2+
22.Nxb2 Qe1+ 23.Nd1 c3 24.Qxc3 Qxc3+ 25.Rxc3 Bd7 26.Bd6 Nxh7 27.Rf3+ Ke8
28.Rg3 g5 29.f4 Rc8+ 30.Kb1 Bc6 31.hxg5 hxg5 32.Nf2 Rd8 33.e5 Nf5 34.Rh3 Kd7
35.fxg5 Nxg5 36.Rh5 Nxd6  0-1

[Event "29th World Junior Girls"]
[Site "Chennai IND"]
[Date "2011.08.10"]
[Round "8.3"]
[White "Paikidze,N"]
[Black "Bulmaga,I"]
[Result "1/2-1/2"]
[WhiteElo "2416"]
[BlackElo "2293"]

1.d4 Nf6 2.c4 e6 3.Nc3 d5 4.Nf3 Be7 5.Bf4 O-O 6.e3 Nbd7 7.c5 Nh5 8.Bd3 Nxf4
9.exf4 c6 10.O-O Qc7 11.g3 b6 12.b4 a5 13.a3 Ba6 14.Bxa6 Rxa6 15.Qe2 Rfa8
16.b5 cxb5 17.c6 Qxc6 18.Nxb5 Qb7 19.Rfc1 Rc8 20.Rxc8+ Qxc8 21.Qb2 Ra8 22.Rc1 Qd8
23.Qc2 a4 24.Qc6 Nf8 25.Ne5 f6 26.Nd3 Ra5 27.Rb1 Ra8 28.Rc1 Ra5 29.Rb1 Ra8
30.Rc1  1/2-1/2

[Event "Sakkozo Magyarok World Meeting"]
[Site "Lakitelek HUN"]
[Date "2011.08.11"]
[Round "7.13"]
[White "Palasti,F"]
[Black "Varjas,S"]
[Result "0-1"]
[WhiteElo "1989"]
[BlackElo "2060"]

1.Nf3 Nf6 2.c4 e6 3.d4 d5 4.Nc3 Be7 5.Bf4 c5 6.e3 O-O 7.Rc1 a6 8.a3 cxd4
9.Nxd4 dxc4 10.Bxc4 b5 11.Ba2 Bb7 12.O-O Nbd7 13.Nf3 Nh5 14.Ne5 Ndf6 15.Bg5 h6
16.Bh4 g6 17.Qc2 Ng7 18.Nxg6 fxg6 19.Qxg6 Nd5 20.Nxd5 exd5 21.Bxe7 Qxe7 22.Qxh6 Rf5
23.Qb6 Rf6 24.Rc7 Rxb6 25.Rxe7 Rd8 26.Rc1 Ne8 27.h4 Kf8 28.Rh7 Kg8 29.Re7 Kf8
30.Rh7 Kg8 31.Rh5 Rd7 32.Re5 Nf6 33.f3 Kf8 34.g4 Rbd6 35.g5 Nh5 36.Kf2 d4
37.e4 Kg7 38.Re8 Nf4 39.Rd1 d3 40.Rd2 Rc6 41.Bb3 Rcd6 42.Ke3 Nh5 43.Be6 Rc7
44.Rg8+ Kh7 45.g6+ Kh6 46.Bf7 Nf6 47.Rf8 Kg7 48.Rb8 Rdd7 49.Rxd3 Rxd3+ 50.Kxd3 Rd7+
51.Ke3 Re7 52.Kf4 Nh5+ 53.Kg5 Re5+ 54.Kg4 Bc6 55.Rg8+ Kf6 56.Rd8 Kg7 57.Rd4 Bd7+
58.Rxd7 Nf6+ 59.Kf4 Nxd7 60.Ke3 Rh5 61.f4 Rxh4 62.e5 Nf8 63.f5 Nd7 64.f6+ Nxf6
65.exf6+ Kxf6 66.Kd3 Rg4 67.Kc3 Ke7 68.b3 Kd6 69.a4 bxa4 70.bxa4 a5 71.Kd3 Ke7
72.Kc3 Rxa4 73.Kb3 Rb4+ 74.Ka3 Rg4 75.Kb3 Kd6 76.Ka3 Kc5 77.Kb3 a4+ 78.Ka3 Kb5
79.Be8+ Ka5 80.g7 Rg3+  0-1

[Event "Sakkozo Magyarok World Meeting"]
[Site "Lakitelek HUN"]
[Date "2011.08.11"]
[Round "7.30"]
[White "Pasztor,Sa1"]
[Black "Jakab,Zsolt"]
[Result "0-1"]
[WhiteElo "1779"]
[BlackElo "1714"]

1.d4 Nf6 2.c4 e6 3.Nc3 d5 4.Nf3 Be7 5.Bf4 O-O 6.e3 Nbd7 7.Bd3 dxc4 8.Bxc4 c6
9.h3 b6 10.O-O Bb7 11.Rc1 Rc8 12.Qe2 Nd5 13.Bh2 c5 14.Ba6 Bxa6 15.Qxa6 Nxc3
16.Rxc3 Ra8 17.Rfc1 Qc8 18.Qxc8 Rfxc8 19.b4 f6 20.dxc5 bxc5 21.Nd4 Kf7 22.Nb5 e5
23.f4 a6 24.Na3 Rab8 25.fxe5 fxe5 26.Nb1 Rxb4 27.a3 Rb2 28.e4 Rcb8 29.Rf3+ Ke6
30.Nc3 g6 31.Nd5 Bd6 32.Bg3 Rb1 33.Rxb1 Rxb1+ 34.Kh2 c4 35.Rc3 Ra1 36.Rxc4 Rxa3
37.Rc6 Nc5 38.Nb6 Nxe4 39.Bxe5 Rc3 40.Nc4 Rxc4 41.Rxc4 Bxe5+ 42.Kg1 Kd5 43.Rc8 a5
44.Ra8 Bc3 45.Ra7  0-1

[Event "20th Poznan Open"]
[Site "Poznan POL"]
[Date "2011.08.11"]
[Round "6.15"]
[White "Glatty,Z"]
[Black "Szuminski,M"]
[Result "1-0"]
[WhiteElo "1950"]
[BlackElo "2066"]

1.d4 d5 2.c4 e6 3.Nc3 Nf6 4.Nf3 Be7 5.Bf4 c5 6.cxd5 exd5 7.dxc5 Bxc5 8.e3 Nc6
9.Ne5 O-O 10.Bb5 Qb6 11.Bxc6 bxc6 12.O-O Be7 13.Qc2 Bb7 14.Rfc1 Qd8 15.Na4 Rc8
16.Nc5 Ba8 17.Qa4 Nh5 18.Qxa7 Nxf4 19.exf4 Rc7 20.Qa5 f6 21.Ne6 Qc8 22.Nxc7 fxe5
23.Qxa8  1-0

[Event "20th ZMDI Open A"]
[Site "Dresden GER"]
[Date "2011.08.12"]
[Round "7.22"]
[White "Neef,M"]
[Black "Wichmann,C"]
[Result "0-1"]
[WhiteElo "2023"]
[BlackElo "2360"]

1.Nf3 d5 2.d4 Nf6 3.c4 e6 4.Nc3 Be7 5.Bf4 O-O 6.Rc1 dxc4 7.e3 Nd5 8.Bxc4 Nxf4
9.exf4 Nc6 10.O-O Bf6 11.d5 exd5 12.Bxd5 Ne7 13.Be4 c6 14.Qc2 g6 15.Rfd1 Qa5
16.a3 Bg7 17.Rd2 Bg4 18.h3 Bxf3 19.Bxf3 Rad8 20.Rcd1 Nf5 21.Rxd8 Rxd8 22.Rxd8+ Qxd8
23.Be4 Nd4 24.Qd3 Qb6 25.b4 a5 26.Na4 Qc7 27.g3 axb4 28.axb4 Qe7 29.Nc5 f5
30.Qc4+ Kh8 31.Bd3 b6 32.Na6 h6 33.Nb8 Qd6 34.Na6 c5  0-1

[Event "27th Geraadsbergen Open"]
[Site "Geraadsbergen BEL"]
[Date "2011.08.12"]
[Round "3"]
[White "Goormachtigh,J"]
[Black "Blijlevens,P"]
[Result "1-0"]
[WhiteElo "2237"]
[BlackElo "1918"]

1.d4 d5 2.Nf3 e6 3.c4 Be7 4.Nc3 Nf6 5.Bf4 O-O 6.e3 c5 7.dxc5 Bxc5 8.Qc2 a6
9.Rd1 Qa5 10.Nd2 Bb4 11.Be2 Nbd7 12.O-O Re8 13.Nb3 Qb6 14.cxd5 Nxd5 15.Rxd5 exd5
16.Nxd5 Qa7 17.Nxb4 Nf6 18.Bf3 Bg4 19.Bxg4 Nxg4 20.Nd5 Rad8 21.Qf5  1-0

[Event "Botvinnik 100th Open"]
[Site "St Petersburg RUS"]
[Date "2011.08.12"]
[Round "1"]
[White "Tarasova,Viktoriy"]
[Black "Rykov,Iv2"]
[Result "1-0"]
[WhiteElo "2290"]
[BlackElo "1759"]

1.d4 d5 2.c4 e6 3.Nf3 Nf6 4.Nc3 Be7 5.Bf4 Bd6 6.Bg5 Be7 7.e3 h6 8.Bh4 O-O
9.Qc2 b6 10.cxd5 exd5 11.Bd3 Nbd7 12.O-O Bb7 13.Rad1 Ne4 14.Bxe7 Qxe7 15.Qb3 Ndf6
16.Ne5 Rfc8 17.Nxe4 Nxe4 18.f3 Nf6 19.Bf5 Rd8 20.Rc1 Rd6 21.Qc3 c6 22.Rfe1 Qd8
23.Qa3 Qc7 24.Rc2 Qd8 25.Rec1 Qc7 26.b4 a6 27.Rc3 b5 28.Qb2 a5 29.a3 a4 30.Qc2 Ra6
31.Nd3 Rb6 32.Ne5 Ba8 33.Kh1 Bb7 34.Qe2 Qd8 35.Bb1 Ba8 36.Qc2 h5 37.Qf2 Bb7
38.g4 hxg4 39.fxg4 Qe8 40.Rf1 Bc8 41.Qf4 Rb7 42.Rcc1 Re7 43.g5 Nh5 44.Qf3 g6
45.Rf2 Bd7 46.Rcf1 Be6 47.h3 Rd8 48.Rc1 Rd6 49.Qg2 Qc8 50.Kh2 Qe8 51.Rcf1 Rc7
52.Rf3 Re7 53.Qf2 Rc7 54.Bxg6 Bxh3 55.Bxf7+ Rxf7 56.Nxf7 Bxf1 57.Nxd6 Qb8
58.Qxf1 Qxd6+ 59.Kg2 Qg6 60.Rf8+ Kh7 61.Qf7+ Ng7 62.Rh8+  1-0

[Event "Baku Open A"]
[Site "Baku AZE"]
[Date "2011.08.13"]
[Round "8"]
[White "Gagunashvili,M"]
[Black "Maghalashvili,Da"]
[Result "1/2-1/2"]
[WhiteElo "2588"]
[BlackElo "2463"]

1.d4 d5 2.c4 e6 3.Nf3 Nf6 4.Nc3 Be7 5.Bf4 O-O 6.e3 Nbd7 7.c5 c6 8.h3 b6 9.b4 a5
10.a3 Ba6 11.Bxa6 Rxa6 12.b5 cxb5 13.c6 Qc8 14.c7 b4 15.Nb5 a4 16.axb4 Bxb4+
17.Ke2 Ne4 18.Qd3 h6 19.Rab1 Be7 20.Rhc1 Ra5 21.Nd2 Nxd2 22.Kxd2 Nf6 23.f3 Qd7
24.Qc2 Rc8 25.Qc6 Qxc6 26.Rxc6 Nd7 27.Bd6 Rxb5 28.Rxb5 Bxd6 29.Rxd6 Rxc7
30.e4 dxe4 31.fxe4 Kf8 32.d5 a3 33.Rb1 exd5 34.exd5 Ke7 35.Rc6 Rxc6 36.dxc6 Nc5
37.Rf1 f6 38.Ke3 Kd6 39.Ra1 Kxc6 40.Rxa3 Kd5 41.Ra7 Ne6 42.h4 h5 43.Rf7 Ke5
44.Rb7 Nd4 45.Kf2 Nf5 46.g3 Ke6 47.Kf3 Ne7 48.Rxb6+ Kf7 49.Rb7 Ke6 50.Ra7 Nf5
51.Rc7 Ne7 52.Rb7 Kf7 53.Ke4 Ke6 54.Rb5 g6 55.Rb6+ Kf7 56.Ra6 Nf5 57.Kf4 Ne7
58.Ra7 Ke6 59.g4 hxg4 60.Ra6+ Kf7 61.Kxg4 Kg7 62.h5 gxh5+ 63.Kxh5 Kf7 64.Kh6 Nf5+
65.Kh5 Ne7 66.Kg4 Ng6 67.Kf5 Ne7+ 68.Ke4 Ng6 69.Kd5 Ne7+ 70.Kd6 Nf5+ 71.Kd7 Ne7
72.Ra7 Nf5 73.Ra5 Ne7 74.Rc5 Ng6 75.Kd6 Ne5 76.Rc3 Ng4 77.Rc7+ Kg6 78.Ke6 Ne5
79.Rc1 Nf3 80.Ke7 f5  1/2-1/2

[Event "Sakkozo Magyarok World Meeting"]
[Site "Lakitelek HUN"]
[Date "2011.08.13"]
[Round "8.5"]
[White "Lengyel,F"]
[Black "Varjas,S"]
[Result "1-0"]
[WhiteElo "2282"]
[BlackElo "2060"]

1.d4 Nf6 2.c4 e6 3.Nc3 d5 4.Nf3 Be7 5.Bf4 O-O 6.e3 c5 7.dxc5 Bxc5 8.Qc2 b6
9.Rd1 Bb7 10.Be2 Qe7 11.a3 Rd8 12.O-O h6 13.cxd5 exd5 14.b4 Bd6 15.Bxd6 Rxd6
16.Nd4 Rd7 17.Ncb5 a6 18.Nf5 Qd8 19.Nbd4 Rc7 20.Qb2 Nc6 21.Nxc6 Rxc6 22.Rxd5 Qf8
23.Re5 Kh8 24.Bf3 Rc7 25.Bxb7 Rxb7 26.h3 Rd8 27.Qe2 b5 28.Qf3 Rb6 29.Rc1 Rd7
30.Rec5 Qe8 31.Rc8 Rd8 32.Qa8 Rb8 33.Qxb8  1-0

[Event "20th Poznan Open"]
[Site "Poznan POL"]
[Date "2011.08.13"]
[Round "8.11"]
[White "Sklepinski,A"]
[Black "Chojnacki,T"]
[Result "0-1"]
[WhiteElo "1751"]
[BlackElo "1874"]

1.d4 d5 2.Nf3 Nf6 3.c4 e6 4.Nc3 Be7 5.Bf4 c5 6.cxd5 Nxd5 7.Nxd5 Qxd5 8.dxc5 Qxd1+
9.Rxd1 Bxc5 10.g3 Bb4+ 11.Nd2 Bd7 12.Bg2 Bc6 13.O-O O-O 14.a3 Be7 15.Ne4 Nd7
16.Nc3 Bxg2 17.Kxg2 Nf6 18.e4 Rfd8 19.f3 Rac8 20.Be3 b6 21.Rxd8+ Rxd8 22.Kf2 Kf8
23.Ke2 Ke8 24.Nb5 Rd7 25.Rc1 Bd8 26.Nd4 Rc7 27.Nc6 Kd7 28.Ne5+ Ke8 29.Nc4 Be7
30.a4 Nd7 31.e5 Nb8 32.b3 Na6 33.Bf4 Nb4 34.Rd1 Nd5 35.Bd2 Bc5 36.h3 Be7
37.Rc1 Kd7 38.h4 h6 39.h5 Ke8 40.g4 Kd7 41.f4 f6 42.Kf3 Rc8 43.Rg1 Bc5 44.Rg2 Rf8
45.Ke4 Be7 46.f5 Bc5 47.Be1 Ke7 48.fxe6 Kxe6 49.Bg3 fxe5 50.Bxe5 Nf6+ 51.Kd3 Rd8+
52.Kc3 Rd5 53.Re2 Kf7 54.b4 Be7 55.Bb8 a5 56.bxa5 bxa5 57.Ne5+ Kg8 58.Ng6 Bb4+
59.Kc4 Rd8 60.Bg3 Nxg4 61.Kb5 Nf6 62.Bc7 Rd5+ 63.Ka6 Rxh5 64.Ne5 Rf5 65.Nc6 Kf7
66.Nxa5 Nd5 67.Bd8 Nc3 68.Rc2 Bxa5 69.Bxa5 Nxa4 70.Rc7+ Kg6 71.Rc4 Nc5+ 72.Ka7 Ne6
73.Bc3 Rc5 74.Rxc5 Nxc5 75.Bb4 Ne4 76.Kb6 Kf5 77.Bf8 h5 78.Bxg7 h4 79.Bd4 h3
80.Bg1 Kg4 81.Kc6 Kf3 82.Kd5 Kg2 83.Bd4 Ng3  0-1

[Event "10th Lichtenberger Sommer"]
[Site "Berlin GER"]
[Date "2011.08.14"]
[Round "3.58"]
[White "Tiemer,Klaus"]
[Black "Prix,S"]
[Result "1/2-1/2"]
[WhiteElo "1958"]
[BlackElo "1782"]

1.Nf3 d5 2.c4 e6 3.d4 Nf6 4.Nc3 Be7 5.Bf4 c6 6.e3 O-O 7.Rc1 Nbd7 8.Bd3 dxc4
9.Bxc4 Nd5 10.Bg3 Nxc3 11.bxc3 Nf6 12.Bd3 Qa5 13.Qc2 c5 14.O-O Bd7 15.Qe2 cxd4
16.cxd4 Rac8 17.Ne5 Rc3 18.Nc4 Qb4 19.Rb1 Qa4 20.Rxb7 Rc8 21.Bd6 Kf8 22.Rb4 Qc6
23.Bxe7+ Kxe7 24.Ne5 Qc7 25.Rc4 Rxc4 26.Bxc4 Bc6 27.Qb2 Qd6 28.f3 Nd5 29.Kf2 f6
30.Nxc6+ Rxc6 31.Bxd5 exd5 32.e4 dxe4 33.Re1 Rb6 34.Rxe4+ Kf7 35.Qc2 Rc6
36.Qb3+ Kf8 37.Qb7 Rc2+ 38.Ke3 Qa3+ 39.Kf4 Qd6+ 40.Ke3 Qa3+ 41.Kf4 Qd6+  1/2-1/2

[Event "Botvinnik 100th Open"]
[Site "St Petersburg RUS"]
[Date "2011.08.15"]
[Round "4"]
[White "Popov,Val"]
[Black "Vunder,Y"]
[Result "1/2-1/2"]
[WhiteElo "2550"]
[BlackElo "2212"]

1.Nf3 d5 2.d4 e6 3.c4 Nf6 4.Nc3 Be7 5.Bf4 O-O 6.Rc1 c5 7.dxc5 Bxc5 8.e3 Nc6
9.a3 Be7 10.Qc2 h6 11.Be2 a6 12.O-O Bd6 13.Rfd1 Bxf4 14.exf4 Qd6 15.g3 Rd8
16.b4 Qe7 17.c5 e5 18.fxe5 Nxe5 19.Nd4 Bh3 20.Na4 Re8 21.Nb6 Rad8 22.Bf1 Bg4
23.Re1 Qc7 24.Bg2 Bh5 25.Qc3 Bg6 26.Re3 Ne4 27.Nxd5 Rxd5 28.Bxe4 Bxe4 29.Rxe4 Red8
30.Nf5 f6 31.a4 Qd7 32.Nd6 Qxa4 33.b5 Rd1+ 34.Re1 Rd3 35.Qb2 Nf3+ 36.Kg2 Nxe1+
37.Rxe1 axb5 38.Re7 Qa6 39.Qe2 R3xd6 40.Qg4 Qc6+ 41.Kh3 Qc8  1/2-1/2

[Event "26th Universiade Men"]
[Site "Shenzhen CHN"]
[Date "2011.08.16"]
[Round "3.11"]
[White "Moranda,W"]
[Black "Batchuluun,T"]
[Result "1-0"]
[WhiteElo "2586"]
[BlackElo "2427"]

1.d4 Nf6 2.c4 e6 3.Nf3 d5 4.Nc3 Be7 5.Bf4 O-O 6.e3 Nbd7 7.a3 c5 8.cxd5 Nxd5
9.Nxd5 exd5 10.dxc5 Nxc5 11.Be5 Bf6 12.Bxf6 Nd7 13.Be5 Nc5 14.Bf6 Qxf6 15.Qd4 Qd6
16.Bd3 h6 17.Bc2 Rd8 18.O-O Bd7 19.Rfd1 Bb5 20.Rd2 Bc4 21.Rad1 Bb3  1-0

[Event "26th Universiade Men"]
[Site "Shenzhen CHN"]
[Date "2011.08.16"]
[Round "4"]
[White "Vovk,Y"]
[Black "Kaisar,J"]
[Result "1-0"]
[WhiteElo "2564"]
[BlackElo "2274"]

1.d4 Nf6 2.c4 e6 3.Nf3 d5 4.Nc3 Be7 5.Bf4 O-O 6.e3 c5 7.dxc5 Bxc5 8.a3 Bb6
9.Qc2 Qe7 10.Bg5 dxc4 11.Bxc4 h6 12.Bh4 Qc5 13.Na4 Qc7 14.Nxb6 Qxb6 15.Bxf6 gxf6
16.O-O Bd7 17.Rfd1 Bb5 18.Bxb5 Qxb5 19.Qc3 Kg7 20.Rd4 h5 21.a4 Qc6 22.Rc4 Qd6
23.Rf4 Qe7 24.g4 Nd7 25.Rd1 Rfd8 26.g5 e5 27.gxf6+ Nxf6 28.Rxd8 Rxd8 29.Qxe5 Qxe5
30.Nxe5 Rd5 31.Nf3 a5 32.Nd4 Kg6 33.Kf1 Nd7 34.Ke2 Nc5 35.b3 f6 36.Rf3 Kf7
37.Rg3 Ne6 38.Nxe6 Kxe6 39.Rg7 b6 40.Rb7 Rd6 41.h4 Kf5 42.f3 Ke6 43.e4 Rc6
44.f4 Kd6 45.Kd3 Kc5 46.Kc3 f5  1-0

[Event "Botvinnik 100th Open"]
[Site "St Petersburg RUS"]
[Date "2011.08.16"]
[Round "5"]
[White "Rykov,Iv2"]
[Black "Sieghardt,W"]
[Result "1-0"]
[WhiteElo "1759"]
[BlackElo "1681"]

1.d4 d5 2.c4 e6 3.Nc3 Nf6 4.Nf3 Be7 5.Bf4 c6 6.e3 O-O 7.Bd3 h6 8.O-O Na6
9.a3 dxc4 10.Bxc4 Nc7 11.e4 b6 12.Qe2 Bb7 13.Rfd1 Qc8 14.Rac1 Rd8 15.d5 cxd5
16.exd5 Bxd5 17.Bxd5 Nfxd5 18.Nxd5 Rxd5 19.Rxd5 Nxd5 20.Rxc8+ Rxc8 21.Be3 Nxe3
22.Qxe3  1-0

[Event "Malaysian Open"]
[Site "Kuala Lumpur MAS"]
[Date "2011.08.20"]
[Round "5.41"]
[White "Loh,Zachary"]
[Black "Nakamura,N"]
[Result "0-1"]
[WhiteElo "1769"]
[BlackElo "2033"]

1.c4 e6 2.Nc3 d5 3.d4 Be7 4.Nf3 Nf6 5.Bf4 O-O 6.e3 c5 7.h3 Nc6 8.Bd3 cxd4
9.exd4 dxc4 10.Bxc4 Nd5 11.Nxd5 exd5 12.Bd3 Bb4+ 13.Kf1 g6 14.g3 Re8 15.Kg2 Bd6
16.Bxd6 Qxd6 17.Qd2 a6 18.Rae1 Bd7 19.a3 Qf6 20.Bb1 Rxe1 21.Rxe1 Bxh3+ 22.Kxh3 Qxf3
23.Ba2 Kg7 24.Qe3 Qxe3 25.Rxe3 Rd8 26.Rd3 Kf6 27.Rf3+ Ke6 28.Rb3 Rd7 29.Rd3 Kd6
30.Kg2 Re7 31.Re3 Re6 32.Rf3 f5 33.Rb3 b5 34.Kf1 Re4 35.a4 b4 36.f3 Rxd4
37.Re3 Rd2 38.Re2 Rxe2 39.Kxe2 h6 40.Bb1 Ke6 41.Bd3 a5 42.g4 fxg4 43.fxg4 Ne5
44.Ba6 Kf6 45.Bc8 Kg5 46.Ke3 Nxg4+ 47.Kd4 h5 48.Ba6 h4 49.Bf1 Kf4 50.Kxd5 Ne3+  0-1

[Event "1st Metropolitan International"]
[Site "Los Angeles USA"]
[Date "2011.08.20"]
[Round "7"]
[White "Szabo,Ben"]
[Black "Manukian,G"]
[Result "0-1"]
[WhiteElo "2362"]
[BlackElo "2292"]

1.Nf3 Nf6 2.c4 e6 3.Nc3 d5 4.d4 Be7 5.Bf4 O-O 6.e3 b6 7.Qc2 c5 8.dxc5 bxc5
9.Be2 Bb7 10.O-O Nc6 11.cxd5 exd5 12.Rfd1 Qa5 13.Ne5 Nxe5 14.Bxe5 Rad8 15.Bf3 Qb6
16.Na4 Qb5 17.Rac1 Ne4 18.b3 f6 19.Bf4 g5 20.Bg3 Kg7 21.Rd3 Rc8 22.Qe2 Ba6
23.Nb2 Qc6 24.Qd1 Bxd3 25.Nxd3 Qe6 26.Ne1 f5  0-1

[Event "Manhattan Open"]
[Site "New York USA"]
[Date "2011.08.20"]
[Round "7"]
[White "Quan Zhe"]
[Black "Santarius,E"]
[Result "1-0"]
[WhiteElo "2412"]
[BlackElo "2311"]

1.d4 d5 2.c4 e6 3.Nc3 Be7 4.Nf3 Nf6 5.Bf4 O-O 6.e3 Nbd7 7.c5 Nh5 8.Bd3 Nxf4
9.exf4 c6 10.O-O Qc7 11.Qd2 b6 12.b4 a5 13.a3 Ba6 14.g3 Ra7 15.Rfc1 Bxd3
16.Qxd3 axb4 17.axb4 Rfa8 18.Rab1 Ra3 19.Kg2 g6 20.Qc2 bxc5 21.bxc5 Bf6 22.Rb3 Qa7
23.Rcb1 Rxb3 24.Rxb3 Rb8 25.Rxb8+ Nxb8 26.Qb3 h5 27.Na4 Nd7 28.Nb2 Qb8 29.Qxb8+ Nxb8
30.Nd3 Bd8 31.Nfe5 Ba5 32.Kf3 Kg7 33.Ke3 f6 34.Nf3 Na6 35.h3 Nb8 36.g4 hxg4
37.hxg4 Kf7 38.g5 Bd8 39.Kd2 Bc7 40.Kc3 Bd8 41.Kb4 Bc7 42.Ka4 Na6 43.Nh2 fxg5
44.Ng4 gxf4 45.Nde5+ Bxe5 46.Nxe5+ Kf6 47.Nxc6 g5 48.Kb5 Nc7+ 49.Kb6 Ne8
50.Ne5 f3 51.Kc6 Kf5 52.Nxf3 Ke4 53.Kd7 Kxf3 54.Kxe8 e5 55.c6 exd4 56.c7 d3
57.c8=Q d2 58.Qc3+ Ke2 59.Qe3+  1-0

[Event "Recklinghaeuser Open"]
[Site "Recklinghausen GER"]
[Date "2011.08.20"]
[Round "6"]
[White "Schorra,H"]
[Black "Meyer,U"]
[Result "1-0"]
[WhiteElo "2110"]
[BlackElo "2028"]

1.d4 d5 2.c4 e6 3.Nc3 Nf6 4.Nf3 Be7 5.Bf4 c6 6.e3 O-O 7.Qc2 Nbd7 8.Bd3 dxc4
9.Bxc4 Re8 10.e4 Nf8 11.Rd1 Qa5 12.Be2 b5 13.a3 Bb7 14.O-O a6 15.b4 Qb6 16.h3 a5
17.Qb3 axb4 18.axb4 Ra6 19.Be3 Qc7 20.Ra1 Rea8 21.Rxa6 Rxa6 22.Ne5 N8d7 23.Nd3 Qd8
24.Nc5 Bxc5 25.dxc5 e5 26.Rd1 Qe7 27.Qc2 Ne8 28.Qd2 Nf8 29.f4 exf4 30.Bxf4 Ne6
31.Be3 Bc8 32.Bf3 Ra7 33.e5 Rd7 34.Qc1 Rxd1+ 35.Qxd1 Nd8 36.Qd4 Be6 37.Bf2 Qd7
38.Qxd7 Bxd7 39.Bh4 f6 40.exf6 Nxf6 41.Ne2 Nf7 42.Nd4 Ne5 43.Bxf6 Nxf3+ 44.Nxf3 gxf6
45.Kf2 Kf7 46.Nd4 Kg6 47.Kf3 Kg5 48.g3 h5 49.h4+ Kg6 50.Kf4 Kf7 51.Nf5 Kg6
52.Ne3 Kf7 53.g4 Kg6 54.gxh5+ Kxh5 55.Nf5 Kg6 56.Ng3 Be6 57.h5+ Kg7 58.Ne4 Bg8
59.Ng3 Kf7 60.Nf5 Ke6 61.Nd4+ Kd5 62.Nxc6 Kxc6 63.Kf5 Kd5 64.Kxf6 Kc4 65.c6  1-0

[Event "72nd ch-ARM 1st League"]
[Site "Kajaran ARM"]
[Date "2011.08.21"]
[Round "4"]
[White "Babujian,L"]
[Black "Mkrtchian,L"]
[Result "0-1"]
[WhiteElo "2468"]
[BlackElo "2463"]

1.d4 Nf6 2.c4 e6 3.Nc3 d5 4.Nf3 Be7 5.Bf4 O-O 6.e3 Nbd7 7.c5 c6 8.h3 Ne4
9.Nxe4 dxe4 10.Ne5 Nxe5 11.Bxe5 b6 12.b4 a5 13.a3 Qd5 14.Rc1 Ba6 15.cxb6 axb4
16.Bxa6 Rxa6 17.b7 bxa3 18.b8=Q Rxb8 19.Bxb8 Bb4+ 20.Kf1 a2 21.g3 Bc3 22.Kg2 a1=Q
23.Rxa1 Rxa1 24.Qg4 Bxd4 25.Rxa1 Bxa1 26.Qf4 h6 27.Qc7 c5 28.Qe7 Qc6 29.Bd6 c4
30.h4 Bf6 31.Qf8+ Kh7 32.Ba3 Qb7 33.Qc5 c3 34.g4 Qd5 35.Qc7 Qb3 36.g5 hxg5
37.Bd6 Qd1 38.hxg5 Qf3+ 39.Kg1 Bxg5 40.Ba3 Bh4 41.Qh2 Qd1+ 42.Kg2 Qg4+ 43.Kf1 c2
44.Bb2 Kg6 45.Ba3 Be7 46.Bb2 c1=Q+  0-1